| 000 | 01009cam8a220022900 4500 | ||
|---|---|---|---|
| 001 | qce01858026 | ||
| 005 | 20190819094404.0 | ||
| 008 | 761110s1870 stk 000 0 eng d | ||
| 010 | _a 33004637 | ||
| 035 | _a(Sirsi) r47954 | ||
| 035 | _a(QCAT)lss01410695 | ||
| 035 | _a(UPRA)qce01858026 | ||
| 040 | _dUPRA | ||
| 082 | _a941.5 | ||
| 100 | 1 |
_aO'Callaghan, John Cornelius, 1805-1883. _dO'Callaghan, John Cornelius, 1805-1883. _6A6048.1 |
|
| 245 | 1 | 0 |
_aHistory of the Irish brigades in the service of France : _bfrom the revolution in Great Britain and Ireland under James II., to the revolution in France under Louis XVI. / _cby John Cornelius O'Callaghan. |
| 260 |
_aGlasgow : New York : _bCameron and Ferguson ; P.N. Haverty, _aGlasgow : New York : _bCameron and Ferguson ; P.N. Haverty, _c1870. |
||
| 610 | 1 | 0 |
_aFrance. Armee. Irish Brigade. _bFrance. Armee. Irish Brigade. _bFrance. Armee. Irish Brigade. _6S4478.1 |
| 949 |
_aDA914 _wlcc _mMAIN _tBOOK _lON-SHELF |
||
| 004 | 47954 | ||
| 987 | _aWITHDRAWN. | ||
| 999 |
_c99295 _d99295 |
||